| 000 | nam a22 a 4500 | ||
|---|---|---|---|
| 999 |
_c183069 _d183069 |
||
| 003 | BLK | ||
| 005 | 20220823102154.0 | ||
| 008 | 180411b bul|||||r ||||||| ||bul|| | ||
| 010 | _aKNG00191995000 | ||
| 040 | _aBLK | ||
| 041 |
_aBUL _cBUL |
||
| 080 |
_aБългарска литература _b821.163.2 _x(081) _z821.163.2(081) |
||
| 080 |
_aБългарска литература _b821.163.2 _x-31 _z821.163.2-31 |
||
| 100 | 1 |
_aДимов, Димитър Тодоров _eпърви автор _9364841 |
|
| 139 |
_aДимов, Димитър Тодоров _bД 60 |
||
| 245 | 1 | 0 |
_aСъчинения _bВ 5 т. За том: Ч. 2 _cДимитър Тодоров Димов; под ред. на Кръстьо Куюмджиев; ред. на том Кръстьо Куюмджиев. _nТ. 3 _pТютюн |
| 257 | _aBGR | ||
| 260 |
_aСофия _bБълг. писател _c1974 - |
||
| 300 | _c21 см | ||
| 380 | _aX | ||
| 500 | _aДруги ред. : Богомил Нонев, Любомир Тенев. - 70 100 тир. | ||
| 700 | 1 |
_aКуюмджиев, Кръстьо _eпод ред. на _9376214 |
|
| 700 | 1 |
_aКуюмджиев, Кръстьо _eред. на том _9376214 |
|
| 760 | 1 |
_aДимов, Димитър Тодоров _d1974 _h431 с., 5 л. : портр _n1. изд. 1951 _tТ. 3 Тютюн |
|
| 852 |
_aЦб 71325 _bЦб |
||
| 856 | 4 | _qpdf | |
| 856 | 4 | _qpdf | |
| 942 |
_cKNG _n0 _04 _s1 |
||
| 944 |
_aCR _c07.10.2016 _kВаля_Йорданова |
||
| 944 |
_aED _c2022-08-16 _kир |
||
| 944 |
_aED _c2022-08-23 _kМикаела Микова-Илиева |
||
| 999 | _d183069 | ||
| 999 | _d183069 | ||